Retrouvez ces joueurs de football #7 - Statistiques

Statistiques générales
  • Ce quiz a été pris 520 fois
  • Le résultat moyen est 7 sur 15
Statistiques - réponses
Par images Réponse % Correct
Kepa Arrizabalaga
76%
Nicolás Tagliafico
76%
Luis Suárez
66%
Samir Handanovic
66%
Oleksandr Zinchenko
63%
Dejan Lovren
60%
Pepe Reina
59%
Emre Can
53%
Christian Benteke
48%
Duvan Zapata
41%
Moses Simon
32%
Joakim Mæhle
27%
Alfredo Morelos
23%
Lucas Torreira
17%
Roman Yaremchuk
15%
Aucun quiz correspondant
Distribution des résultats
% des personnes avec chaque résultat
Percentile par nombre de réponses
Votre historique - résultats
Vous n’avez pas pris ce quiz